Modelos del desarrollo precolombino en Costa Rica /
Spremljeno u:
| Glavni autor: | |
|---|---|
| Format: | Tekst |
| Jezik: | Spanish |
| Oznake: |
Dodaj oznaku
Bez oznaka, Budi prvi tko označuje ovaj zapis!
|
MARC
| LEADER | 00000 a a2200000 04500 | ||
|---|---|---|---|
| 001 | 18946 | ||
| 003 | cru IIS | ||
| 005 | 20211105120233.0 | ||
| 008 | 211105b |||||||| |||| 00| 0 spa d | ||
| 040 | |c cru IIS | ||
| 100 | |a Corrales Ulloa, Francisco | ||
| 245 | |a Modelos del desarrollo precolombino en Costa Rica / |c Francisco Corrales Ulloa | ||
| 500 | |a Colección Centroamérica | ||
| 773 | |g volumen 21; páginas 75-88 | ||
| 773 | 0 | |0 43610 |9 5185 |d Tegucigalpa, Honduras: Instituto Hondureño de Antropología e Historia |o MFN: 33023 |t Yaxkin / | |
| 942 | |2 ddc |c PP | ||
| 999 | |c 34991 |d 34991 | ||
